What are you called if you’re from… - Statistics

General Stats
  • This quiz has been taken 24 times
  • The average score is 124 of 195
Answer Stats
Country Answer % Correct
Afghanistan Afghan
100%
Albania Albanian
100%
Algeria Algerian
100%
Andorra Andorran
100%
Angola Angolan
100%
Argentina Argentinian
95%
Armenia Armenian
95%
Australia Australian
95%
Austria Austrian
95%
Bolivia Bolivian
90%
Brazil Brazilian
90%
Bulgaria Bulgarian
90%
Canada Canadian
90%
Chile Chilean
90%
China Chinese
90%
Azerbaijan Azerbaijani
86%
Belarus Belarusian
86%
Belgium Belgian
86%
Bosnia and Herzegovina Bosnian
86%
Cambodia Cambodian
86%
Colombia Colombian
86%
Costa Rica Costa Rican
86%
Cuba Cuban
86%
Antigua and Barbuda Antiguan
81%
Bahrain Bahraini
81%
Croatia Croatian
81%
Egypt Egyptian
81%
Finland Finnish
81%
Greece Greek
81%
Japan Japanese
81%
Bangladesh Bangladeshi
76%
Chad Chadian
76%
Czechia Czech
76%
Denmark Danish
76%
Dominica | Dominican Republic Dominican
76%
Eritrea Eritrean
76%
Fiji Fijian
76%
France French
76%
Gambia Gambian
76%
Georgia Georgian
76%
Germany German
76%
India Indian
76%
Iraq Iraqi
76%
Ireland Irish
76%
Israel Israeli
76%
Italy Italian
76%
Jamaica Jamaican
76%
Kenya Kenyan
76%
Latvia Latvian
76%
Liberia Liberian
76%
Libya Libyan
76%
Mexico Mexican
76%
Pakistan Pakistani
76%
Portugal Portuguese
76%
Sweden Swedish
76%
United States American
71%
Brunei Bruneian
71%
Cameroon Cameroonian
71%
Estonia Estonian
71%
Ethiopia Ethiopian
71%
Guatemala Guatemalan
71%
Guinea Guinean
71%
Hungary Hungarian
71%
Indonesia Indonesian
71%
Iran Iranian
71%
Kazakhstan Kazakhstani / Kazakh
71%
Kuwait Kuwaiti
71%
Lebanon Lebanese
71%
Lithuania Lithuanian
71%
Federated States of Micronesia Micronesian
71%
Mongolia Mongolian
71%
North Korea North Korean
71%
Poland Polish
71%
Russia Russian
71%
Samoa Samoan
71%
South Korea South Korean
71%
Spain Spanish
71%
Turkey Turkish
71%
Bahamas Bahamian
67%
Botswana Botswanan
67%
United Kingdom British
67%
Burundi Burundian
67%
Djibouti Djiboutian
67%
Netherlands Dutch
67%
Ecuador Ecuadorian
67%
Grenada Grenadian
67%
Honduras Honduran
67%
Iceland Icelandic
67%
Kyrgyzstan Kyrgyzstani / Kyrgyz
67%
Laos Laotian / Lao
67%
Malawi Malawian
67%
Malaysia Malaysian
67%
Mali Malian
67%
Mauritania Mauritanian
67%
Namibia Namibian
67%
Nigeria Nigerian
67%
Norway Norwegian
67%
Oman Omani
67%
Qatar Qatari
67%
Romania Romanian
67%
Rwanda Rwandan
67%
El Salvador Salvadoran
67%
Saudi Arabia Saudi Arabian
67%
Senegal Senegalese
67%
Serbia Serbian
67%
Slovakia Slovakian
67%
Slovenia Slovenian
67%
Somalia Somalian
67%
South Africa South African
67%
Syria Syrian
67%
Tajikistan Tajikistani / Tajik
67%
Tanzania Tanzanian
67%
Thailand Thai
67%
Tonga Tongan
67%
Tunisia Tunisian
67%
Ukraine Ukrainian
67%
Vietnam Vietnamese
67%
Zambia Zambian
67%
Democratic Republic of the Congo | Republic of the Congo Congolese
62%
Gabon Gabonese
62%
Ghana Ghanan
62%
Haiti Haitian
62%
North Macedonia Macedonian
62%
Malta Maltese
62%
Moldova Moldovan
62%
Morocco Moroccan
62%
Nepal Nepalese
62%
Paraguay Paraguayan
62%
Peru Peruvian
62%
South Sudan South Sudanese
62%
Sri Lanka Sri Lankan
62%
Sudan Sudanese
62%
Switzerland Swiss
62%
Turkmenistan Turkmen
62%
Uganda Ugandan
62%
Uruguay Uruguayan
62%
Uzbekistan Uzbek
62%
Vanuatu Vanuatuan
62%
Venezuela Venezuelan
62%
Yemen Yemeni
62%
Zimbabwe Zimbabwean
62%
Bhutan Bhutanese
57%
Central African Republic Central African
57%
Equatorial Guinea Equatorial Guinean
57%
Jordan Jordanian
57%
Nicaragua Nicaraguan
57%
Panama Panamanian
57%
Singapore Singaporean
57%
Tuvalu Tuvaluan
57%
Barbados Barbadian
52%
Philippines Filipino
52%
Palau Palauan
52%
Papua New Guinea Papuan
52%
Saint Lucia Saint Lucian
52%
Suriname Surinamese
52%
Myanmar Burmese
48%
Trinidad and Tobago Trinidadian / Tobagonian
48%
Cyprus Cypriot
43%
United Arab Emirates Emirati
43%
Guyana Guyanese
43%
Ivory Coast Ivorian
43%
Maldives Maldivian
43%
Mauritius Mauritian
43%
Monaco Monacan
43%
Montenegro Montenegrin
43%
Nauru Nauruan
43%
New Zealand New Zealander
43%
Eswatini Swazi / Swati
43%
Timor-Leste Timorese
43%
Belize Belizean
38%
Benin Beninese
38%
Comoros Comorian
33%
Madagascar Madagascan
33%
Marshall Islands Marshallese
33%
São Tomé and Príncipe São Toméan / Santomean
33%
Kosovo Kosovar
29%
Guinea-Bissau Bissau-Guinean
24%
Luxembourg Luxembourger
24%
Mozambique Mozambican
24%
San Marino Sammarinese
24%
Sierra Leone Sierra Leonean
24%
Solomon Islands Solomon Islander
24%
Togo Togolese
24%
Saint Vincent and the Grenadines Vincentian
24%
Cape Verde Cape Verdean
19%
Lichtenstein Liechtensteiner
19%
Niger Nigerien
19%
Seychelles Seychellois
19%
Vatican City Vatican Citizen
19%
Saint Kitts and Nevis Kittitian
14%
Lesotho Basotho
10%
Burkina Faso Burkinabé
10%
Kiribati Tungaru
0%
No matching quizzes found
Score Distribution
Percent of People with Each Score
Percentile by Number Answered
Your Score History
You have not taken this quiz